Šidlo kalendár na rok ...

Bibliographic Details
Format: Serial
Language:Slovak
PhysicalDescription:1 zv. 24 cm
Published: Bratislava Vydavateľské a podnikateľské družstvo "Bystrica" c 1947
Subjects:

MARC

LEADER 00000cas a2200000 a 4500
001 vtls008858000
003 SK-MaSNL
005 20260228161403.0
008 061025d19471947xo ar 0 b0slo
040 |a SNK  |b slo  |c SNK 
041 0 |a slo 
044 |a xo  |c SK 
072 7 |a 82-1/-8  |x Literatúra rôznych foriem a žánrov (o nej)  |2 konspekt 
072 7 |a 050  |x Seriálové publikácie. Periodiká  |2 konspekt 
080 |a 050  |2 2011 
080 |a 82-7  |2 2011 
080 |a (059)  |2 2011 
245 0 0 |a Šidlo  |b kalendár na rok ... 
260 |a Bratislava  |b Vydavateľské a podnikateľské družstvo "Bystrica"  |c c 1947 
300 |a 1 zv.  |c 24 cm 
310 |a 1x ročne 
362 0 |a 1948  |z Bg. slov. a inoreč. kalendárov 
500 |a Súčasťou názvových údajov je označenie roku 
650 0 7 |a humor  |2 SNKPH  |9 1763 
655 7 |a textové kalendáre  |2 SNKPH  |9 60816 
910 |a snk 
999 |c 5191  |d 7121 
952 |0 0  |1 0  |4 0  |7 0  |8 3  |a SNK  |b SNK  |d 2006-10-25  |i snkK 619/82  |l 0  |o snkČSC 964/1948 D1  |p 17A0527176  |r 2026-02-21 20:18:29  |w 2026-02-21  |y PREZ